Prognózy dalšího vývoje socialistického plánovitého řízení národního hospodářství čítanka

Salvato in:
Dettagli Bibliografici
Natura: Libro
Lingua:ceco
Pubblicazione: Praha Institut řízení 1973
Soggetti:
Tags: Aggiungi Tag
Nessun Tag, puoi essere il primo ad aggiungerne!!

MARC

LEADER 00000nam a2200000 4500
001 c121027
005 20220302093208.4
041 0 |a cze 
044 |a CZ 
245 1 0 |a Prognózy dalšího vývoje socialistického plánovitého řízení národního hospodářství  |b čítanka 
264 1 |a Praha  |b Institut řízení  |c 1973 
300 |a S. 260-375 
610 2 0 |a plánovanie hospodárske 
610 2 0 |a socializmus